Top 10 Serie A Goalscorers of the Decade (2010s) - Statistics

General Stats
  • This quiz has been taken 336 times
  • The average score is 6 of 10
Answer Stats
Rank Player Goals % Correct
1st Antonio Di Natale 125
84%
2nd Gonzalo Higuaín 121
84%
4th Ciro Immobile 116
83%
10th Paulo Dybala 78
71%
3rd Mauro Icardi 121
66%
6th Dries Mertens 88
64%
5th Fabio Quagliarella 109
62%
7th Edinson Cavani 87
57%
8th Rodrigo Palacio 85
17%
9th Josip Iličić 79
16%
No matching quizzes found
Score Distribution
Percent of People with Each Score
Percentile by Number Answered
Your Score History
You have not taken this quiz